000 00328nam a22001457a 4500
003 SGT
020 _a612.8
082 _a612.8
_bD18S
100 _aSINHA, VIRENDRA DEO
245 _aDIFFERENTIAL DIAGNOSIS IN NEUROLOGY & NEUROSURGERY
250 _a1ST
260 _aINDIA
_bCBS PUB
_c2018
300 _a221
942 _2ddc
_cBK
999 _c16986
_d16986